Prognóza požiadavok na dodávky pre trhový fond vybraných druhov sortimentu bytový textil kandidátska dizertačná práca
Salvato in:
| Autore principale: | |
|---|---|
| Ente Autore: | |
| Altri autori: | |
| Natura: | Libro |
| Lingua: | slovacco |
| Pubblicazione: |
Bratislava
1985
|
| Soggetti: | |
| Tags: |
Nessun Tag, puoi essere il primo ad aggiungerne!!
|
MARC
| LEADER | 00000nam a2200000 4500 | ||
|---|---|---|---|
| 001 | c002698 | ||
| 005 | 20230116121643.8 | ||
| 041 | 0 | |a slo | |
| 044 | |a SK | ||
| 245 | 1 | 0 | |a Prognóza požiadavok na dodávky pre trhový fond vybraných druhov sortimentu bytový textil |b kandidátska dizertačná práca |c Mária Klimeková ; škol. Kristína Viestová |
| 264 | 1 | |a Bratislava |c 1985 | |
| 300 | |a 134 s. | ||
| 610 | 2 | 0 | |a textil |
| 610 | 2 | 0 | |a sortiment tovaru |
| 610 | 2 | 0 | |a prieskum potrieb |
| 610 | 2 | 0 | |a ČSSR |
| 610 | 2 | 0 | |a prognózy |
| 100 | 1 | |a Klimeková, Mária | |
| 700 | 1 | |a Viestová, Kristína | |
| 710 | 2 | |a Vysoká škola ekonomická v Bratislave | |